|
|
|
|
| LEADER |
01652nam a22003857a 4500 |
| 001 |
39958 |
| 003 |
BD-DhAAL |
| 008 |
221107t2022 ii |||| |||1 0|eng d |
| 999 |
|
|
|c 44576
|d 44576
|
| 020 |
|
|
|a 9781484277768 (pbk)
|
| 020 |
|
|
|a 9781484277775 (eBook)
|
| 040 |
|
|
|a BD-DhAAL
|c BD-DhAAL
|
| 082 |
0 |
4 |
|a 006.3
|2 23
|
| 100 |
1 |
|
|a Singh, Pramod,
|e author.
|9 52228
|
| 245 |
1 |
0 |
|a Machine learning with PySpark :
|b With natural language processing and recommender systems /
|c Pramod Singh.
|
| 250 |
|
|
|a Second edition.
|
| 264 |
|
1 |
|a Bangalore, Karnataka, India :
|b Apress :
|c c2022.
|
| 300 |
|
|
|a xviii, 220 pages :
|b illustrations ;
|c 26 cm.
|
| 500 |
|
|
|a Includes index.
|
| 526 |
|
|
|a CSE
|
| 541 |
|
|
|a Book Finder International
|e 39958, 39959
|
| 650 |
|
0 |
|a Artificial intelligence.
|9 52229
|
| 650 |
|
0 |
|a Big data.
|9 52230
|
| 650 |
|
0 |
|a Computer programming.
|9 52231
|
| 650 |
|
0 |
|a Open source software.
|9 52232
|
| 650 |
|
0 |
|a Python (Computer program language).
|9 52233
|
| 650 |
1 |
4 |
|a Artificial Intelligence.
|9 52234
|
| 650 |
2 |
4 |
|a Big Data/Analytics.
|9 52235
|
| 650 |
2 |
4 |
|a Open Source.
|9 52236
|
| 650 |
2 |
4 |
|a Python.
|9 52237
|
| 650 |
2 |
4 |
|a Computer science.
|9 52238
|
| 852 |
|
|
|a Ayesha Abed Library
|c General Stacks
|
| 942 |
|
|
|2 ddc
|c BK
|
| 952 |
|
|
|0 0
|1 0
|2 ddc
|4 0
|6 006_300000000000000_SIN
|7 0
|9 72176
|a BRACUL
|b BRACUL
|c GEN
|d 2022-10-27
|e Book Finder International
|g 2880.48
|l 5
|m 60
|o 006.3 SIN
|p 3010039959
|r 2025-07-16
|s 2025-06-29
|t 2
|v 2880.48
|w 2022-10-27
|y BK
|
| 952 |
|
|
|0 0
|1 0
|2 ddc
|4 0
|6 006_300000000000000_SIN
|7 0
|9 72177
|a BRACUL
|b BRACUL
|c GEN
|d 2022-10-27
|e Book Finder International
|g 2880.48
|l 4
|m 25
|o 006.3 SIN
|p 3010039958
|r 2024-12-07
|s 2024-11-04
|t 1
|v 2880.48
|w 2022-10-27
|y BK
|